Statistics for Crayola Crayon Colors from 1970

Click here to take the quiz!

General Stats

  • This quiz has been taken 64,677 times
  • The average score is 19 of 64

Answer Stats

Color % Correct
Red
96%
Black
96%
Blue
95%
Violet (Purple)
95%
Yellow
94%
Brown
92%
Green
92%
Orange
91%
White
89%
Gray
88%
Sky Blue
48%
Peach
48%
Tan
47%
Magenta
44%
Silver
42%
Turquoise Blue
42%
Gold
42%
Red Orange
39%
Blue Green
37%
Navy Blue
37%
Yellow Green
32%
Yellow Orange
29%
Maroon
29%
Lavender
26%
Forest Green
25%
Green Blue
24%
Orange Red
24%
Aquamarine
23%
Sea Green
22%
Green Yellow
21%
Salmon
21%
Burnt Sienna
20%
Orange Yellow
20%
Periwinkle
19%
Blue Violet
18%
Red Violet
17%
Brick Red
17%
Burnt Orange
14%
Apricot
14%
Plum
13%
Olive Green
13%
Violet Red
13%
Carnation Pink
13%
Goldenrod
12%
Midnight Blue
12%
Violet Blue
11%
Copper
11%
Blue Gray
11%
Cornflower
10%
Lemon Yellow
10%
Mahogany
8%
Sepia
7%
Cadet Blue
7%
Maize
7%
Indian Red
7%
Orchid
6%
Spring Green
6%
Raw Umber
6%
Pine Green
6%
Melon
6%
Raw Sienna
5%
Thistle
4%
Bittersweet
4%
Mulberry
3%

Score Distribution

Percentile by Number Answered

Percent of People with Each Score

Your Score History

You have not taken this quiz